Time Chart History of War (Record no. 223379)
[ view plain ]
| 000 -LEADER | |
|---|---|
| fixed length control field | 00562nam a22002057a 4500 |
| 005 - DATE AND TIME OF LATEST TRANSACTION | |
| control field | 20220615144644.0 |
| 008 - FIXED-LENGTH DATA ELEMENTS--GENERAL INFORMATION | |
| fixed length control field | 220615b ||||| |||| 00| 0 eng d |
| 020 ## - INTERNATIONAL STANDARD BOOK NUMBER | |
| International Standard Book Number | 0681603186 |
| 040 ## - CATALOGING SOURCE | |
| Transcribing agency | AL |
| 041 ## - LANGUAGE CODE | |
| Language code of text/sound track or separate title | English |
| 082 ## - DEWEY DECIMAL CLASSIFICATION NUMBER | |
| Edition number | 23 |
| Classification number | 355 |
| Item number | CHAT |
| 100 ## - MAIN ENTRY--PERSONAL NAME | |
| Personal name | David G Chandler |
| 100 ## - MAIN ENTRY--PERSONAL NAME | |
| 9 (RLIN) | 42762 |
| 245 ## - TITLE STATEMENT | |
| Title | Time Chart History of War |
| 260 ## - PUBLICATION, DISTRIBUTION, ETC. | |
| Place of publication, distribution, etc. | Ann Arbor |
| Name of publisher, distributor, etc. | Lowe and B Hould Publishers |
| Date of publication, distribution, etc. | 2001 |
| 300 ## - PHYSICAL DESCRIPTION | |
| Extent | 152 p. |
| Other physical details | HB |
| Dimensions | 40x25 cm. |
| 650 ## - SUBJECT ADDED ENTRY--TOPICAL TERM | |
| Topical term or geographic name entry element | Military art and science |
| 9 (RLIN) | 42763 |
| 650 ## - SUBJECT ADDED ENTRY--TOPICAL TERM | |
| Topical term or geographic name entry element | War |
| 9 (RLIN) | 42764 |
| 700 ## - ADDED ENTRY--PERSONAL NAME | |
| Personal name | CHANDLER (David G) |
| 9 (RLIN) | 42765 |
| 942 ## - ADDED ENTRY ELEMENTS (KOHA) | |
| Source of classification or shelving scheme | Dewey Decimal Classification |
| Koha item type | George Fernandes Collections |
| Withdrawn status | Lost status | Source of classification or shelving scheme | Damaged status | Not for loan | Collection code | Home library | Current library | Date acquired | Total Checkouts | Full call number | Barcode | Date last seen | Price effective from | Koha item type |
|---|---|---|---|---|---|---|---|---|---|---|---|---|---|---|
| Dewey Decimal Classification | History | St Aloysius Library | St Aloysius Library | 03/23/2013 | 355 CHAT | GF03116 | 06/15/2022 | 06/15/2022 | George Fernandes Collections |